|
|
|
|
| LEADER |
01209nam a2200337 a 4500 |
| 001 |
43583 |
| 003 |
BD-DhAAL |
| 005 |
20241021165806.0 |
| 008 |
241021t1997 mauab b 001 0 eng d |
| 010 |
|
|
|a 96085636
|
| 020 |
|
|
|a 9780697289216
|
| 020 |
|
|
|a 0697289214 (casebound)
|
| 020 |
|
|
|a 0697352994 (pbk.)
|
| 040 |
|
|
|a DLC
|c DLC
|d BD-DhAAL
|
| 043 |
|
|
|a n-us---
|
| 050 |
0 |
0 |
|a HV6025
|b .R515 1997
|
| 082 |
0 |
0 |
|a 364
|2 23
|
| 100 |
1 |
|
|a Reid, Sue Titus.
|9 10431
|
| 245 |
1 |
0 |
|a Crime and criminology /
|c Sue Titus Reid.
|
| 250 |
|
|
|a Eighth edition.
|
| 260 |
|
|
|a Boston, Mass. ;
|a Madison, WI :
|b McGraw-Hill,
|c c1997.
|
| 300 |
|
|
|a lviii, 614 pages :
|b illustrations (some colors), maps (some colors) ;
|c 28 cm
|
| 504 |
|
|
|a Includes bibliographical references and index.
|
| 541 |
|
|
|a Savar Campus Library
|e 43583
|
| 650 |
|
0 |
|a Criminology.
|
| 650 |
|
0 |
|a Crime
|z United States.
|
| 650 |
|
0 |
|a Criminal justice, Administration of
|z United States.
|
| 852 |
|
|
|a Ayesha Abed Library
|
| 942 |
|
|
|2 ddc
|c BK
|
| 999 |
|
|
|c 47041
|d 47041
|
| 952 |
|
|
|0 0
|1 0
|2 ddc
|4 0
|6 364_000000000000000_REI
|7 0
|9 76722
|a SCL
|b SCL
|c GEN
|d 2024-10-21
|e Savar Campus Library
|l 0
|o 364 REI
|p 3020043583
|r 2024-10-21
|t 1
|w 2024-10-21
|y BK
|x Savar Campus Library
|